Lecture-tutorials : (Record no. 19614)

MARC details
000 -LEADER
fixed length control field 01246nam a22003375i 4500
003 - CONTROL NUMBER IDENTIFIER
control field EG-ScBUE
005 - DATE AND TIME OF LATEST TRANSACTION
control field 20250423125030.0
008 - FIXED-LENGTH DATA ELEMENTS--GENERAL INFORMATION
fixed length control field 150611t2013 maua f 000 0 eng d
020 ## - INTERNATIONAL STANDARD BOOK NUMBER
International Standard Book Number 9780321820464
020 ## - INTERNATIONAL STANDARD BOOK NUMBER
International Standard Book Number 0321820460
040 ## - CATALOGING SOURCE
Original cataloging agency EG-ScBUE
Language of cataloging eng
Description conventions rda
Transcribing agency EG-ScBUE
Modifying agency EG-ScBUE
082 04 - DEWEY DECIMAL CLASSIFICATION NUMBER
Classification number 520
Item number LEC
Edition number 22
245 00 - TITLE STATEMENT
Title Lecture-tutorials :
Remainder of title for introductory astronomy /
Statement of responsibility, etc Edward E. Prather, University of Arizona, [and three others] ; with contributions by Jack A. Dostal, Wake Forest University, Colin S. Wallace, University of Arizona.
250 ## - EDITION STATEMENT
Edition statement Third edition.
264 #1 - PUBLICATION, DISTRIBUTION, ETC. (IMPRINT)
Place of publication, distribution, etc Boston :
Name of publisher, distributor, etc Pearson Education, Inc.,
Date of publication, distribution, etc [2013]
264 #4 - PUBLICATION, DISTRIBUTION, ETC. (IMPRINT)
Date of publication, distribution, etc c2013
300 ## - PHYSICAL DESCRIPTION
Extent viii, 168 pages :
Other physical details illustrations ;
Dimensions 24 cm.
336 ## - CONTENT TYPE
Source rdacontent
Content type term text
Content type code txt
337 ## - MEDIA TYPE
Source rdamedia
Media type term unmediated
Media type code n
338 ## - CARRIER TYPE
Source rdacarrier
Carrier type term volume
Carrier type code nc
490 0# - SERIES STATEMENT
Series statement Pearson series in educational innovation
650 #7 - SUBJECT ADDED ENTRY--TOPICAL TERM
Topical term or geographic name as entry element Astronomy.
Source of heading or term BUEsh
655 ## - INDEX TERM--GENRE/FORM
Form subdivision Reading book
700 1# - ADDED ENTRY--PERSONAL NAME
Personal name Prather, Edward E.,
9 (RLIN) 38211
Relator term author.
700 1# - ADDED ENTRY--PERSONAL NAME
Personal name Slater, Timothy F.,
Relator term author.
700 1# - ADDED ENTRY--PERSONAL NAME
Personal name Adams, Jeffrey P.,
Relator term author.
700 1# - ADDED ENTRY--PERSONAL NAME
Personal name Brissenden, Gina,
Relator term author.
700 1# - ADDED ENTRY--PERSONAL NAME
Personal name Dostal, Jack A.,
Relator term Contributer.
700 1# - ADDED ENTRY--PERSONAL NAME
Personal name Wallace, Colin S.,
Relator term Contributer.
942 ## - ADDED ENTRY ELEMENTS (KOHA)
Source of classification or shelving scheme Dewey Decimal Classification
Koha item type Book - Borrowing
Holdings
Withdrawn status Lost status Source of classification or shelving scheme Damaged status Not for loan Collection code Home library Current library Shelving location Date acquired Source of acquisition Cost, normal purchase price Total Checkouts Full call number Barcode Date last seen Cost, replacement price Koha item type
    Dewey Decimal Classification     Baccah Central Library Central Library First floor 11/06/2015   270.00   520 LEC 000038756 15/07/2025 338.00 Book - Borrowing